00920nam a2200241Ia 450000500170000000800410001702000220005804100080008008200160008810000190010424500770012325000120020026000350021230000090024750000260025665000250028270000190030790600100032694200070033699900170034395201590036095201590051920230422120226.0230125s9999 xx 000 0 und d a978-93-539-4373-8 aeng a658.15bMAR aMarr B9116578 aKey Performance Indicators - The 75 Measures Every Manager Needs to Know a1st Ed. c2020bPearson EducationaNoida a347p aFinancial Management  aFinancial Management aMarr B9116578 b187.5 cBK c96733d96733 00104070aHIMRbHIMRd2021-03-13eForward Booksg750.00i11380l0o658.15 MAR B21589pHIMR-BK-21589r2023-01-25 00:00:00v562.50w2021-03-12yBKzB21589 00104070aHIMRbHIMRd2021-03-13eForward Booksg750.00i11380l0o658.15 MAR B21590pHIMR-BK-21590r2023-01-25 00:00:00v562.50w2021-03-12yBKzB21590